Derechos políticos de la mujer en Costa Rica : 1986-2006 /
El siguiente artículo hace un recuento de los principales avances y reformas en materia de derecho de las mujeres, iniciando con el proyecto Ley de Igualdad Real de la Mujer, en Costa Rica, desde 1986 hasta el año 2006.
Gorde:
| Egile nagusia: | |
|---|---|
| Formatua: | Texto |
| Gaiak: | |
| Etiketak: |
Etiketa erantsi
Etiketarik gabe, Izan zaitez lehena erregistro honi etiketa jartzen!
|
MARC
| LEADER | 00000 a a2200000 04500 | ||
|---|---|---|---|
| 001 | 43350 | ||
| 003 | |||
| 040 | |||
| 100 | |a Zamora Chavarría, Eugenia | ||
| 245 | |a Derechos políticos de la mujer en Costa Rica : 1986-2006 / |c Eugenia Zamora Chavarría | ||
| 520 | |a El siguiente artículo hace un recuento de los principales avances y reformas en materia de derecho de las mujeres, iniciando con el proyecto Ley de Igualdad Real de la Mujer, en Costa Rica, desde 1986 hasta el año 2006. | ||
| 590 | |a RRH/AGOSTO2012 | ||
| 650 | |a DERECHO | ||
| 650 | |a DERECHOS DE LA MUJER | ||
| 650 | |a PARTIDOS POLITICOS | ||
| 650 | |a REFORMA SOCIAL | ||
| 650 | |a COSTA RICA | ||
| 773 | |g páginas 397-447 : gráficos | ||
| 999 | |c 25914 |d 25914 | ||
